Zwierzęta na zdjęciu #3 - Statystyki

Ogólne statystyki
  • Ten quiz został rozwiązany 148 razy
  • Średni wynik to 7 z 8
Statystyki odpowiedzi
Obrazkowy Odpowiedź % Poprawnych
Koń domowy
100%
Zebra stepowa
100%
Flaming różowy
95%
Żyrafa sawannowa
95%
Łoś euroazjatycki
89%
Daniel zwyczajny
69%
Surykatka szara
69%
Bielik zwyczajny
55%
Nie znaleziono quizów pasujących do podanych kryteriów
Rozkład punktacji
Procent ludzi z każdym wynikiem
Percentyl według liczby udzielonych odpowiedzi
Twoja historia wyników
Nie rozwiązałeś tego quizu